| Tag |
First Indicator |
Second Indicator |
Subfields |
| LEADER |
00000cam a2200000 i 4500 |
| 001 |
in00003608317 |
| 008 |
140310t20152014nyu c 000 1 eng |
| 005 |
20240705223823.0 |
| 010 |
|
|
|a 2014005867
|
| 019 |
|
|
|a 881042242
|a 881375442
|
| 020 |
|
|
|a 9780062293992
|q (hardcover)
|
| 020 |
|
|
|a 0062293990
|q (hardcover)
|
| 024 |
8 |
|
|a 40025641315
|
| 029 |
1 |
|
|a AU@
|b 000052691726
|
| 029 |
1 |
|
|a NZ1
|b 15885840
|
| 035 |
|
|
|a (OCoLC)ocn872382222
|
| 035 |
|
|
|a (OCoLC)872382222
|
| 040 |
|
|
|a DLC
|b eng
|e rda
|c DLC
|d IG#
|d AU@
|d BTCTA
|d BDX
|d OCLCF
|d GO6
|d OI6
|d JSE
|d COH
|d EHH
|d YDXCP
|d OCL
|d OCLCO
|d OCLCQ
|d OCLCO
|d UIU
|d OCLCO
|
| 042 |
|
|
|a pcc
|a lcac
|
| 043 |
|
|
|a zma----
|
| 049 |
|
|
|a TXAM
|
| 050 |
0 |
0 |
|a PZ7.M4784458
|b Mar 2015
|
| 082 |
0 |
0 |
|a [Fic]
|2 23
|
| 100 |
1 |
|
|a McDougall, Sophia.
|
| 245 |
1 |
0 |
|a Mars evacuees /
|c Sophia McDougall.
|
| 250 |
|
|
|a First U.S. edition.
|
| 264 |
|
1 |
|a New York, NY :
|b Harper, an imprint of HarperCollinsPublishers,
|c 2015.
|
| 264 |
|
4 |
|c ©2014
|
| 300 |
|
|
|a 404 pages ;
|c 22 cm
|
| 336 |
|
|
|a text
|b txt
|2 rdacontent
|
| 337 |
|
|
|a unmediated
|b n
|2 rdamedia
|
| 338 |
|
|
|a volume
|b nc
|2 rdacarrier
|
| 500 |
|
|
|a "Originally published in the U.K. by Egmont UK Limited, London."
|
| 521 |
1 |
|
|a Ages 8-12.
|
| 520 |
|
|
|a Twelve-year-old Alice Dare is one of 300 seven- to sixteen-year-olds evacuated to Mars to attend school and train as soldiers, safe from the war with Earth's invading aliens, the Morrors, but when all of the adults and robots mysteriously disappear, the youths must survive on their own.
|
| 586 |
|
|
|a American Library Association Notable Children's Bk
|
| 650 |
|
0 |
|a Life on other planets
|v Juvenile fiction.
|
| 650 |
|
0 |
|a Survival
|v Juvenile fiction.
|
| 650 |
|
0 |
|a Missing persons
|v Juvenile fiction.
|
| 650 |
|
0 |
|a Refugees
|v Juvenile fiction.
|
| 651 |
|
0 |
|a Mars (Planet)
|v Juvenile fiction.
|
| 650 |
|
1 |
|a Life on other planets
|v Fiction.
|
| 650 |
|
1 |
|a Survival
|v Fiction.
|
| 650 |
|
1 |
|a Missing persons
|v Fiction.
|
| 650 |
|
1 |
|a Refugees
|v Fiction.
|
| 651 |
|
1 |
|a Mars
|v Fiction.
|
| 650 |
|
1 |
|a Science fiction.
|
| 650 |
|
7 |
|a Life on other planets.
|2 fast
|0 (OCoLC)fst00998301
|
| 650 |
|
7 |
|a Missing persons.
|2 fast
|0 (OCoLC)fst01023702
|
| 650 |
|
7 |
|a Refugees.
|2 fast
|0 (OCoLC)fst01092797
|
| 650 |
|
7 |
|a Survival.
|2 fast
|0 (OCoLC)fst01761768
|
| 651 |
|
7 |
|a Mars (Planet)
|2 fast
|0 (OCoLC)fst01243063
|
| 655 |
|
7 |
|a Fiction.
|2 fast
|0 (OCoLC)fst01423787
|
| 655 |
|
7 |
|a Juvenile works.
|2 fast
|0 (OCoLC)fst01411637
|
| 655 |
|
7 |
|a Science fiction.
|2 gsafd
|
| 938 |
|
|
|a Brodart
|b BROD
|n 109544250
|
| 938 |
|
|
|a Baker and Taylor
|b BTCP
|n BK0015106878
|
| 938 |
|
|
|a Ingram
|b INGR
|n 9780062293992
|
| 938 |
|
|
|a YBP Library Services
|b YANK
|n 11835850
|
| 945 |
|
|
|a PromptCat
|b 526344
|
| 946 |
|
|
|a curr
|
| 947 |
|
|
|a A14843383150
|
| 948 |
|
|
|a Cataloged
|b h
|c 2016/3/2
|d c
|e AReeder
|
| 994 |
|
|
|a 92
|b TXA
|
| 999 |
f |
f |
|s 369f454c-0d2a-3020-873a-bcf45692e31a
|i 3d722570-d4b8-32e6-9732-a3462b94e931
|t 0
|
| 952 |
f |
f |
|p normal
|a Texas A&M University
|b College Station
|c Sterling C. Evans Library
|d Evans: Curriculum Collection (4th floor)
|t 0
|e PZ7.M4784458 Mar 2015
|h Library of Congress classification
|i unmediated -- volume
|m A14843383150
|
| 998 |
f |
f |
|a PZ7.M4784458 Mar 2015
|t 0
|l Evans: Curriculum Collection (4th floor)
|